NFL Rushing Leader For Every Team - Statistics

General Stats
  • This quiz has been taken 45 times
  • The average score is 19 of 32
Answer Stats
Team Player % Correct
Lions Barry Sanders
100%
Cowboys Emmitt Smith
97%
Vikings Adrian Peterson
92%
Browns Jim Brown
89%
Bears Walter Payton
89%
Chargers LaDainian Tomlinson
81%
Steelers Franco Harris
78%
49ers Frank Gore
73%
Rams Steven Jackson
68%
Broncos Terrell Davis
68%
Eagles LeSean McCoy
65%
Seahawks Shaun Alexander
65%
Jaguars Fred Taylor
62%
Bills Thurman Thomas
62%
Packers Ahman Green
59%
Jets Curtis Martin
59%
Raiders Marcus Allen
59%
Giants Tiki Barber
59%
Titans/Oilers Eddie George
57%
Colts Edgerrin James
54%
Ravens Jamal Lewis
54%
Dolphins Larry Csonka
54%
Chiefs Jamaal Charles
51%
Commanders John Riggins
51%
Texans Arian Foster
49%
Bengals Corey Dillon
49%
Panthers Jonathan Stewart
41%
Saints Mark Ingram
41%
Cardinals Ottis Anderson
41%
Falcons Gerald Riggs
30%
Patriots Sam Cunningham
16%
Buccaneers James Wilder
14%
No matching quizzes found
Score Distribution
Percent of People with Each Score
Percentile by Number Answered
Your Score History
You have not taken this quiz